MARC

LEADER 00000nas a2200000 i 4500
001 ssj0002118167
003 WaSeSS
005 20200512172242.0
006 m d
007 cr n
008 180524c20189999txuqr pos 0 a0eng
010 |a  2018200228 
022 |a 2578-4919  |y 2578-4900 
035 |a (WaSeSS)ssj0002118167 
040 |a DLC  |b eng  |e pn  |c DLC  |d DKU  |d OCLCO  |d OCLCF  |d CUS  |d OCLCQ  |d TXA  |d DLC  |d VT2  |d WaSeSS 
042 |a pcc  |a nsdp 
050 4 |a P94.6 
050 1 4 |a PN1993  |b .S62 
082 1 0 |a 791.43  |2 23 
222 0 |a Journal of cinema and media studies  |b (Online) 
245 0 0 |a Journal of cinema and media studies  |h [electronic resource]. 
246 1 |a JCMS 
260 |a Austin, Texas :  |b University of Texas Press,  |c 2018- 
310 |a Quarterly 
362 1 |a Began with: Volume 58, Number 1 (Fall 2018). 
506 |a License restrictions may limit access. 
588 |a Description based on: Volume 58, Number 1 (Fall 2018); title from journal home page (Project MUSE, viewed December 4, 2018). 
588 |a Latest issue consulted: Volume 58, Number 2 (Winter 2098) (Project MUSE, viewed April 27, 2019). 
650 0 |a Motion pictures  |v Periodicals. 
650 0 |a Television programs  |v Periodicals. 
650 0 |a Television  |x Production and direction  |v Periodicals. 
650 0 |a Mass media and culture  |v Periodicals. 
650 6 |a Cinéma  |v Périodiques. 
650 7 |a Mass media and culture.  |2 fast  |0 (OCoLC)fst01011339 
650 7 |a Motion pictures.  |2 fast  |0 (OCoLC)fst01027285 
650 7 |a Television  |x Production and direction.  |2 fast  |0 (OCoLC)fst01146585 
650 7 |a Television programs.  |2 fast  |0 (OCoLC)fst01147026 
655 0 |a Electronic journals. 
776 0 8 |i Print version:  |t Journal of cinema and media studies  |x 2578-4900  |w (DLC) 2018200227  |w (OCoLC)1037275578 
780 0 0 |t Cinema journal (Online)  |x 1527-2087  |w (DLC)sn 99004677  |w (OCoLC)42442107 
856 4 0 |z Full text available from Research Library: 10/01/1997 to 1 year ago  |u https://search.proquest.com/publication/36677